Films par emojis - Statistiques

Statistiques générales
  • Ce quiz a été pris 446 fois
    360 depuis la dernière actualisation
  • Le résultat moyen est 10 sur 15
Statistiques - réponses
Hint Réponse % Correct
🛳️🧊🧑‍❤️‍👩💎 Titanic
95%
👽📞🌕🚲 E.T.
93%
🏭👦🏻🍫🎫 Charlie et la Chocolaterie
91%
🦈🦷🤿🌊 Les Dents de la Mer
91%
🦁👑🐦🐘 Le Roi Lion
90%
✈️🎄🎅🏻👦🏼 Maman, j'ai raté l'avion
88%
🧑🏾🕶️⚫👔 Men In Black
81%
🏹👩🏻💀🥇 Hunger Games
69%
👿👠💃💄 Le Diable s'habille en Prada
69%
🔴🔵🕶️💊 Matrix
69%
🏰🪄👓👦🏻 Harry Potter
54%
🧠🟡🔵🔴 Vice-Versa
50%
🟢👨🏿🪑💀 La Ligne Verte
45%
⚔️👩🏼🟡🩸 Kill Bill
19%
🔵👨🏻⚔️🔬 Avatar
17%
Aucun quiz correspondant
Distribution des résultats
% des personnes avec chaque résultat
Percentile par nombre de réponses
Votre historique - résultats
Vous n’avez pas pris ce quiz depuis la dernière actualisation